000 01114nam a2200217 a 4500
001 2010930
003 AM-YeHGA
005 20250617165035.0
008 250317s1923 ru ||||| |||| 00| 0 rus d
040 _aAM-YeHGA
041 _arus
100 1 _aВасильев, Александр Александрович
245 1 0 _aИстория Византии /
_cА. А. Васильев
260 _aПетербург :
_bAcademia,
_c1923
300 _aВып. (В одном переплете 3 книги )
501 _a(В одном переплете 3 книги )
505 1 0 _g[Вып. 1]: (1923, 120 с. )
_tВизантия и крестоносцы: Эпоха Комнинов (1081-1185) и Ангелов (1185-1204)
_g[Вып. 2]: (1923, 76 с. )
_tЛатинское владычество на Востоке : Эпоха Никейской и Латинской империй (1204-1261)
_g[Вып. 3] (1925, 143 с.)
_tПадение Византии : Эпоха Палеологов (1261-1453)
650 1 4 _aВизантия
_vИстория
942 _2udc
_cBK
090 _c573100
999 _c533685
_d533685